| 000 | 02489nam a2200385 i 4500 | ||
|---|---|---|---|
| 999 |
_c97194 _d97194 |
||
| 003 | BJBSDDR | ||
| 005 | 20230410143159.0 | ||
| 007 | ta | ||
| 008 | 170713s2001 ck 000 0 spa d | ||
| 020 | _a7706894222100 | ||
| 020 | _a9580457735 | ||
| 020 | _a9789580457732 | ||
| 040 |
_bspa _cBJBSDDR |
||
| 041 | _aspa | ||
| 050 | 1 | 4 |
_aJL 2881 _bP364o 2001 |
| 082 | _a323.33 | ||
| 100 | 1 |
_aPécaut, Daniel, _d1935- |
|
| 240 | 1 | 2 |
_aL'Orde et la violence. Evolution socio-politique de la colombie entre 1930 et 1953 _lEspañol |
| 245 | 1 | 0 |
_aOrden y violencia : _bevolución socio-política de colombia entre 1930 y 1953 / _cDaniel Pécaut ; traducción de Alberto Valencia Gutiérrez. |
| 260 |
_aBogotá: _bGrupo Editorial Norma, _c2001 |
||
| 300 |
_a648 p. ; _c21 cm |
||
| 490 | 1 | _aColección vitral. | |
| 500 | _aL'Ordre et la violence : evolution socio-politique de la Colombie entre 1930 et 1953. | ||
| 520 | _aA la espera de la inseción en la economía mundial : La búsqueda de la modernidad - El surgimiento de una clase central : la burguesía cafetera - Centralidad y dominación fragmentada - La cuestión social : ¿asunto de policía o de leyes? / - La república elitista y popular, 1930-1938 : Consideraciones generales sobre el Estado en América Latina después de 1930 - Ruptura dentro de la continuidad - La ciudadanía popular - La imposible modernidad : la contrarrevolución en marcha / - De la regulación estatal a la desregulación social, 1938-1945 : Regulación y desregulación estatal - El hiperconformismo de la CTC y del partido comunista - Crisis institucional y crisis de sociedad / - El momento del populismo, 1945-1948 : La configuración populista - La contraofensiva de la burguesía frente a las organizaciones sindicales - La segunda etapa del populismo gaitanista : del movimiento social de masas a su reinscripción en la división partidista tradicional - La división partidista anta la prueba | ||
| 650 | 4 |
_94421 _aViolencia _xHistoria _zColombia _y1930-1953 |
|
| 651 | 0 |
_95316 _aColombia _xAspectos sociopolíticos _y1930-1953 |
|
| 651 | 4 |
_95311 _aColombia _xCondiciones sociales |
|
| 651 | 4 |
_94537 _aColombia _xCondiciones económicas _y1918-1970 |
|
| 651 | 0 |
_94885 _aColombia _xPolítica y gobierno _ySiglo XX |
|
| 651 | 4 |
_95312 _aColombia _xHistoria _yPeríodo de la violencia, 1947-1957 |
|
| 700 | 1 |
_95315 _aValencia Gutiérrez, Alberto, _d1953- _etraductor |
|
| 830 |
_95158 _aColección Vitral |
||
| 942 |
_2lcc _cBK |
||
| 946 | _adpf | ||